Tools for organic farming: a manual of appropiate equipment and treatments

Saved in:
Bibliografiske detaljer
Hovedforfatter: McRobie, George (autor)
Format: Bog
Sprog:engelsk
Udgivet: Londres Intermediate Technology 1990
Fag:
Tags: Tilføj Tag
Ingen Tags, Vær først til at tagge denne postø!

MARC

LEADER 00000nam a2200000 a 4500
001 UCM7881
003 CL-VaPUC
008 030110e19900000UK |||||||||||||||||eng|d
082 0 4 |a 631.3  |b MCR  |2 21 
100 |a McRobie, George  |e autor  |9 473633 
245 1 0 |a Tools for organic farming: a manual of appropiate equipment and treatments 
300 |a 77 p 
942 |c BK 
945 |d 20030110 00:00:00  |a lriquelm 
260 |a Londres  |b Intermediate Technology  |c 1990 
650 7 |a MAQUINARIA AGRICOLA - MANUAL  |2 CL-VaPUC  |9 473634 
650 7 |a INSUMOS AGRICOLAS - MANUAL  |2 CL-VaPUC  |9 473635 
583 |a last modification  |c 20030110 00:00:00  |k Rodrigo Vera 
999 |c 302535  |d 302533 
952 |0 0  |1 0  |4 0  |6 631_300000000000000_MCR_1990  |7 0  |8 A  |9 363177  |a BIBAGR  |b BIBAGR  |d 2019-11-21  |i 3873625  |o 631.3 MCR 1990  |p 3873625  |r 2025-01-20  |w 2019-11-21  |y BK  |k AGR